| 000 | 00446 a2200157 4500 | ||
|---|---|---|---|
| 003 | OSt | ||
| 005 | 20240112132737.0 | ||
| 008 | 240112b |||||||| |||| 00| 0 eng d | ||
| 040 | _coclc | ||
| 082 |
_a297 _bMOU/S |
||
| 100 |
_aMoulavi, K C Muhammed _910271 |
||
| 245 |
_aSthree swadanthriyam Islamil / _cK C Muhammed Moulavi |
||
| 260 |
_aKerala: _bKNM, _c2012 |
||
| 300 | _a88p | ||
| 942 |
_2ddc _cBK _h297 _iMOU/S _k297 _mMOU/S |
||
| 999 |
_c43188 _d43188 |
||